Score 0/22 Timer 02:00
3 Plays Today
Movie Title Missing Word % Correct
Saving Private ____Ryan
98.2%
Schindler's ____List
96.5%
____ HarborPearl
95.4%
Behind ____ LinesEnemy
95.1%
Inglourious ____Basterds
94%
Black Hawk ____Down
93.9%
The Thin Red ____Line
90.5%
Full Metal ____Jacket
88.6%
Lawrence of ____Arabia
85.1%
Courage Under ____Fire
82.6%
Flags of Our ____Fathers
82%
Movie Title Missing Word % Correct
Good Morning, ____Vietnam
78.5%
Last of the ____Mohicans
72.4%
Enemy at the ____Gates
58.2%
We Were ____Soldiers
57.7%
The ____ HunterDeer
57.2%
____ NowApocalypse
51%
Kingdom of ____Heaven
47.7%
Blood ____Diamond
43.7%
Three ____Kings
38%
____ ZoneGreen
30.7%
The ____ DayLongest
26.3%

Today's Daily Dose

Remove Ads.
Support Sporcle.
Get the best of Sporcle when you Go Orange. This ad-free experience offers more features, more stats, and more fun while also helping to support Sporcle. Thank you for becoming a member.

You're not logged in!

Compare scores with friends on all Sporcle quizzes.
OR
Log In

Show Comments

Extras

Top Quizzes Today


Score Distribution

Your Account Isn't Verified!

In order to create a playlist on Sporcle, you need to verify the email address you used during registration. Go to your Sporcle Settings to finish the process.

Report this User

Report this user for behavior that violates our Community Guidelines.

Details: